Capital of every Polish voivodeship - Statistics

General Stats
  • This quiz has been taken 45 times
  • The average score is 12 of 16
Answer Stats
Voivodeship Answer Population % Correct
Pomeranian Gdańsk 470,633
94%
Masovian Warsaw 1,794,166
94%
Silesian Katowice 290,553
91%
Łódź Łódź 667,923
91%
Lublin Lublin 337,788
91%
Lower Silesian Wrocław 641,928
91%
Opole Opole 127,839
88%
Lesser Poland Kraków 780,796
84%
West Pomeranian Szczecin 396,472
78%
Podlaskie Białystok 296,401
75%
Kuyavian-Pomeranian Bydgoszcz / Toruń 344,091 / 197,812
75%
Greater Poland Poznań 532,048
75%
Subcarpathian Rzeszów 198,476
56%
Lubusz Gorzów Wielkopolski / Zielona Góra 121,714 / 140,892
53%
Warmian-Masurian Olsztyn 171,249
53%
Holy Cross Kielce 192,498
47%
No matching quizzes found
Score Distribution
Percent of People with Each Score
Percentile by Number Answered
Your Score History
You have not taken this quiz